Car models starting with C by pictures - Statistics

General Stats
  • This quiz has been taken 112 times
  • The average score is 7 of 10
Answer Stats
Picture Hint Answer % Correct
Chevrolet Corvette
91%
Toyota Corolla
82%
Renault Clio
73%
Opel Corsa
67%
Citroen C3
65%
Toyota Celica
64%
Ferrari California
59%
Ford Crown Victoria
59%
Volkswagen Caddy
51%
Mercedes-Benz CLK-klasse
48%
No matching quizzes found
Score Distribution
Percent of People with Each Score
Percentile by Number Answered
Your Score History
You have not taken this quiz